000 00559nam a2200205 i 4500
001 63533
003 ES-MaACL
005 20231105063045.0
007 t|
008 031211s1982 sp ||||1| spa d
100 1 _aFerrero, Jesús,
_d1952-
_950549
245 1 0 _aBélver Yin /
_cJesús Ferrero.
250 _a[3ª ed.].
260 _a[Barcelona] :
_bBruguera,
_c[1982]
300 _a232 p. ;
_c19 cm.
490 1 _aNarradores de hoy
830 0 _aNarradores de hoy
_9182895
852 _aES-MaACL
_jL-3528
_bR.104228
999 _c63533
_d63533